[Event "Mundial Juvenil 2005 s14"]
[Site "Belfort FRA"]
[Date "2005.07.23"]
[Round "5.2"]
[White "Utegaliev, A."]
[Black "Sandeep, Y."]
[Result "0-1"]
[WhiteElo "2249"]
[BlackElo "2189"]
[PlyCount "59"]
[EventDate "2005.07.19"]
[EventType "swiss"]
[EventRounds "11"]
[EventCountry "FRA"]
[Source "lmi"]
[SourceDate "2005.07.31"]

1. d4 Nf6 2. c4 g6 3. Nc3 d5 4. Qb3 dxc4 5. Qxc4 Bg7 6. e4 O-O 7. Be2 Na6 8.
Nf3 c5 9. d5 e6 10. Bg5 Qb6 11. O-O-O exd5 12. exd5 Bf5 13. Nh4 Bd7 14. Rd2
Rfe8 15. Be3 Rac8 16. Rhd1 Qa5 17. Qf4 b5 18. Qd6 Nb8 19. Bg5 b4 20. Bxf6 bxc3
21. bxc3 Qa3+ 22. Kb1 Ba4 23. Rg1 Bxf6 24. Qxf6 Nd7 25. Qf3 Rb8+ 26. Ka1 Rb3
27. Rc2 Reb8 28. Bc4 Rb2 29. d6 Rxc2 30. Qd1 0-1

[Event "Mundial Juvenil 2005 s14"]
[Site "Belfort FRA"]
[Date "2005.07.23"]
[Round "5.3"]
[White "Matlakov, Maxim"]
[Black "Recuero Guerra, David"]
[Result "1-0"]
[WhiteElo "2399"]
[BlackElo "2261"]
[PlyCount "89"]
[EventDate "2005.07.19"]
[EventType "swiss"]
[EventRounds "11"]
[EventCountry "FRA"]
[Source "lmi"]
[SourceDate "2005.07.31"]

1. e4 e6 2. d4 d5 3. e5 c5 4. c3 Nc6 5. Nf3 Bd7 6. Be2 Nge7 7. O-O Nf5 8. b3
cxd4 9. cxd4 Qb6 10. Bb2 Be7 11. Kh1 h5 12. Nc3 g5 13. Na4 Qc7 14. Ne1 g4 15.
Nc2 O-O-O 16. Bd3 Rdg8 17. Bxf5 exf5 18. Ne3 Be6 19. f4 f6 20. Qd3 fxe5 21.
dxe5 Qd7 22. Nc2 Kb8 23. Nd4 Nxd4 24. Bxd4 Rc8 25. Nc3 h4 26. Nb5 b6 27. a4 Rc6
28. a5 h3 29. g3 a6 30. axb6 Qb7 31. Nc7 Rxb6 32. Nxe6 Rxe6 33. Qxf5 Qb4 34.
Qxe6 Qxd4 35. Qxg4 Rc8 36. Rad1 Qb2 37. Qxh3 Rc2 38. Qh5 Bc5 39. Rxd5 Rf2 40.
Rfd1 Qc2 41. Qe8+ Kb7 42. Rd7+ Kb6 43. Qd8+ Kc6 44. R1d6+ Kb5 45. Rb7+ 1-0

[Event "Mundial Juvenil 2005 s14"]
[Site "Belfort FRA"]
[Date "2005.07.23"]
[Round "5.4"]
[White "Ly, Moulthun"]
[Black "Pap, Gyula"]
[Result "0-1"]
[WhiteElo "2117"]
[BlackElo "2384"]
[PlyCount "72"]
[EventDate "2005.07.19"]
[EventType "swiss"]
[EventRounds "11"]
[EventCountry "FRA"]
[Source "lmi"]
[SourceDate "2005.07.31"]

1. e4 e6 2. d4 d5 3. Nd2 c5 4. exd5 Qxd5 5. Ngf3 cxd4 6. Bc4 Qd6 7. Qe2 Nf6 8.
Nb3 Nc6 9. Bg5 a6 10. O-O-O b5 11. Bd3 Bb7 12. Kb1 Be7 13. Nbxd4 Nxd4 14. Nxd4
Bd5 15. a3 O-O 16. h4 b4 17. a4 Qd7 18. Bc4 Qxa4 19. Bb3 Bxb3 20. cxb3 Qe8 21.
h5 h6 22. Bc1 a5 23. Rh3 a4 24. Qf3 axb3 25. Qxb3 Qc8 26. Re1 Qa6 27. Nc2 Nd7
28. Be3 Bc5 29. Rd1 Bxe3 30. Rxe3 Nc5 31. Qxb4 Rfb8 32. Qxc5 Qa2+ 33. Kc1 Qxb2+
34. Kd2 Rc8 35. Qd4 Rxc2+ 36. Ke1 Qxd4 0-1

[Event "Mundial Juvenil 2005 s14"]
[Site "Belfort FRA"]
[Date "2005.07.23"]
[Round "5.6"]
[White "Cordova, Emilio"]
[Black "Martinovic, Sasa"]
[Result "1/2-1/2"]
[WhiteElo "2422"]
[BlackElo "2139"]
[PlyCount "122"]
[EventDate "2005.07.19"]
[EventType "swiss"]
[EventRounds "11"]
[EventCountry "FRA"]
[Source "lmi"]
[SourceDate "2005.07.31"]

1. d4 d5 2. Nf3 Nf6 3. c4 c6 4. Nc3 e6 5. Bg5 dxc4 6. e4 b5 7. e5 h6 8. Bh4 g5
9. Nxg5 hxg5 10. Bxg5 Nbd7 11. exf6 Bb7 12. g3 c5 13. d5 Nxf6 14. Bg2 Bh6 15.
Bxh6 Rxh6 16. Qd2 Rh5 17. Qe2 b4 18. Nd1 Bxd5 19. Bxd5 Qxd5 20. O-O Qd3 21. Re1
O-O-O 22. Ne3 Qxe2 23. Rxe2 c3 24. bxc3 bxc3 25. Rc2 Rd3 26. Rd1 Rxd1+ 27. Nxd1
Nd5 28. Nxc3 Nxc3 29. Rxc3 Kb7 30. g4 Rg5 31. f3 Kc6 32. h4 Rd5 33. h5 Rd1+ 34.
Kg2 Rd2+ 35. Kg3 Rxa2 36. h6 Rd2 37. Ra3 c4 38. Rxa7 Rd8 39. Kf2 Kb6 40. Ra1
Kc5 41. Rc1 Kb4 42. Rb1+ Ka3 43. Rb7 c3 44. Rxf7 Rc8 45. Rg7 Kb2 46. Rd7 c2 47.
Rd2 Kc3 48. Rxc2+ Kxc2 49. g5 Rh8 50. Ke3 Kd1 51. f4 Ke1 52. Kf3 Kd2 53. Kg4
Ke3 54. Kh5 Kxf4 55. g6 Ra8 56. g7 Kf5 57. h7 Ra1 58. Kh4 Kf4 59. Kh3 Kf3 60.
Kh2 Ra2+ 61. Kg1 Ra1+ 1/2-1/2

[Event "Mundial Juvenil 2005 s14"]
[Site "Belfort FRA"]
[Date "2005.07.23"]
[Round "5.8"]
[White "Nabaty, Tamir"]
[Black "Feller, Sebastien"]
[Result "0-1"]
[WhiteElo "2140"]
[BlackElo "2282"]
[PlyCount "84"]
[EventDate "2005.07.19"]
[EventType "swiss"]
[EventRounds "11"]
[EventCountry "FRA"]
[Source "lmi"]
[SourceDate "2005.07.31"]

1. e4 c5 2. Nf3 e6 3. b3 a6 4. Bb2 Nc6 5. c4 Qc7 6. Be2 d6 7. O-O Nf6 8. Nc3
Be7 9. d4 cxd4 10. Nxd4 O-O 11. Rc1 Ne5 12. Kh1 Ng6 13. Qd2 b6 14. b4 Bb7 15.
f3 Rac8 16. Nb3 Qb8 17. Na4 Nd7 18. Qe3 Bc6 19. b5 axb5 20. cxb5 Ba8 21. Qd4
Bf6 22. Qd2 Bxb2 23. Nxb2 d5 24. exd5 Bxd5 25. Bc4 Nf6 26. Bxd5 Nxd5 27. Nd4
Qa8 28. a4 Nge7 29. Kg1 h6 30. Qd3 Qa5 31. Nc6 Nxc6 32. bxc6 Rc7 33. Qb5 Ra8
34. Ra1 Qc3 35. Nc4 Rac8 36. Nd6 Qd4+ 37. Kh1 Nc3 38. Qb3 Qxd6 39. Qxc3 Rxc6
40. Qe3 Rc2 41. Rad1 Qc5 42. Qf4 Rc4 0-1

[Event "Mundial Juvenil 2005 s14"]
[Site "Belfort FRA"]
[Date "2005.07.23"]
[Round "5.9"]
[White "Hess, Robert L"]
[Black "Azemati, Amir"]
[Result "1-0"]
[WhiteElo "2278"]
[BlackElo "2078"]
[PlyCount "63"]
[EventDate "2005.07.19"]
[EventType "swiss"]
[EventRounds "11"]
[EventCountry "FRA"]
[Source "lmi"]
[SourceDate "2005.07.31"]

1. e4 c5 2. Nc3 d6 3. d3 g6 4. g3 Bg7 5. Bg2 Nc6 6. f4 e6 7. Nf3 Nge7 8. O-O
O-O 9. Be3 Nd4 10. Bf2 Nxf3+ 11. Bxf3 Nc6 12. Bg2 Nd4 13. e5 dxe5 14. fxe5 Bxe5
15. Ne4 f5 16. Nxc5 Qc7 17. b4 f4 18. c3 Nf5 19. g4 f3 20. Bxf3 Bxh2+ 21. Kg2
Ng7 22. Qe2 Rb8 23. Ne4 b6 24. Ng3 Bb7 25. Be4 Bxe4+ 26. dxe4 Bxg3 27. Bxg3 e5
28. Qb5 Qxc3 29. Qd5+ Kh8 30. Bxe5 Qc2+ 31. Kg1 Rbd8 32. Rf7 1-0

[Event "Mundial Juvenil 2005 s14"]
[Site "Belfort FRA"]
[Date "2005.07.23"]
[Round "5.10"]
[White "Leniart, Arkadiusz"]
[Black "Plaskan, Jure"]
[Result "1-0"]
[WhiteElo "2269"]
[BlackElo "2057"]
[PlyCount "56"]
[EventDate "2005.07.19"]
[EventType "swiss"]
[EventRounds "11"]
[EventCountry "FRA"]
[Source "lmi"]
[SourceDate "2005.07.31"]

1. d4 Nf6 2. Nf3 c5 3. d5 b5 4. Bg5 Ne4 5. Qd3 Qa5+ 6. Nbd2 f5 7. c3 c4 8. Qc2
Nxd2 9. Bxd2 g6 10. e4 fxe4 11. Qxe4 d6 12. Ng5 Nd7 13. g3 Nf6 14. Qe2 Bf5 15.
Bg2 h6 16. Ne4 O-O-O 17. Nxf6 exf6 18. O-O Rh7 19. Qd1 a6 20. Re1 Rb7 21. a4
Bd7 22. axb5 Qxb5 23. Be3 a5 24. Qd4 Bg7 25. Bf1 Rc7 26. b3 Qc5 27. Bxc4 Qxd4
28. Bxd4 Re8 1-0

[Event "Mundial Juvenil 2005 s14"]
[Site "Belfort FRA"]
[Date "2005.07.23"]
[Round "5.11"]
[White "Kruglyakov, Pavlo"]
[Black "Hansen-Cherstiouk, Alexei"]
[Result "1/2-1/2"]
[WhiteElo "2242"]
[BlackElo "2019"]
[PlyCount "87"]
[EventDate "2005.07.19"]
[EventType "swiss"]
[EventRounds "11"]
[EventCountry "FRA"]
[Source "lmi"]
[SourceDate "2005.07.31"]

1. e4 c5 2. Nf3 e6 3. d4 cxd4 4. Nxd4 a6 5. Bd3 d6 6. O-O Qc7 7. c4 Nf6 8. Nc3
Be7 9. Be3 O-O 10. Rc1 b6 11. f3 Bb7 12. Qd2 Nbd7 13. Rfd1 Rad8 14. Bf1 Qb8 15.
Qf2 Rfe8 16. a3 Bf8 17. b4 Ba8 18. Nb3 Qb7 19. Rd2 Rc8 20. Na4 Rb8 21. Bd4 Rec8
22. Rb2 d5 23. exd5 exd5 24. c5 bxc5 25. Naxc5 Nxc5 26. Nxc5 Bxc5 27. Rxc5 Nd7
28. Rxc8+ Rxc8 29. Qe2 Rc6 30. Qe8+ Nf8 31. Re2 Rc8 32. Qa4 Ne6 33. Bb2 Qb6+
34. Rf2 Bb7 35. Qd1 Bc6 36. g3 Bb5 37. Bxb5 axb5 38. Kg2 d4 39. Rd2 Rc4 40. Qe2
Qc6 41. Qe5 Rc2 42. Qb8+ Nf8 43. Qf4 Ne6 44. Qb8+ 1/2-1/2

[Event "Mundial Juvenil 2005 s14"]
[Site "Belfort FRA"]
[Date "2005.07.23"]
[Round "5.12"]
[White "Pereira, Ruben Miguel Nunes"]
[Black "Khamroev, Ravsham"]
[Result "1-0"]
[WhiteElo "2239"]
[BlackElo "1599"]
[PlyCount "67"]
[EventDate "2005.07.19"]
[EventType "swiss"]
[EventRounds "11"]
[EventCountry "FRA"]
[Source "lmi"]
[SourceDate "2005.07.31"]

1. e4 d5 2. exd5 Qxd5 3. Nc3 Qa5 4. d4 Nf6 5. Nf3 Bf5 6. Bc4 c6 7. Bd2 e6 8.
Qe2 Bb4 9. O-O-O Nbd7 10. a3 Bxc3 11. Bxc3 Qc7 12. Ne5 Nd5 13. Bd2 Nxe5 14.
dxe5 O-O-O 15. g4 Bg6 16. f4 h5 17. h3 Qb6 18. Rdf1 hxg4 19. hxg4 Qd4 20. Rxh8
Rxh8 21. f5 exf5 22. gxf5 Bh5 23. Qd3 Qxe5 24. Re1 Qd6 25. Qd4 Rd8 26. Qxa7 Nf6
27. Bd3 Nd5 28. Ba5 Nc7 29. Kb1 g5 30. f6 Qxf6 31. Rf1 Bf3 32. Bxc7 Kxc7 33.
Qa5+ Kd6 34. Rxf3 1-0

[Event "Mundial Juvenil 2005 s14"]
[Site "Belfort FRA"]
[Date "2005.07.23"]
[Round "5.13"]
[White "Baudson, Charles"]
[Black "Roganovic, Milos"]
[Result "0-1"]
[WhiteElo "2022"]
[BlackElo "2228"]
[PlyCount "62"]
[EventDate "2005.07.19"]
[EventType "swiss"]
[EventRounds "11"]
[EventCountry "FRA"]
[Source "lmi"]
[SourceDate "2005.07.31"]

1. e4 c5 2. Nf3 a6 3. c3 d5 4. exd5 Qxd5 5. d4 Nf6 6. h3 g6 7. Be3 cxd4 8. cxd4
Bg7 9. Bd3 O-O 10. Nc3 Qd8 11. O-O Nc6 12. a3 Nd5 13. Nxd5 Qxd5 14. Rc1 Bf5 15.
Rc5 Qd7 16. Bxf5 gxf5 17. d5 Ne5 18. Nxe5 Bxe5 19. Bh6 Qd6 20. Qc1 Rfd8 21. Re1
f6 22. b4 Kf7 23. Rd1 Qd7 24. Qe3 Rg8 25. Qf3 Rg6 26. Qh5 Kg8 27. Rc4 Kh8 28.
Rh4 Rag8 29. f4 Rxg2+ 30. Kh1 Qxd5 31. Bg7+ R2xg7+ 0-1

[Event "Mundial Juvenil 2005 s14"]
[Site "Belfort FRA"]
[Date "2005.07.23"]
[Round "5.15"]
[White "Alza, Agustin"]
[Black "Rojas Alarcon, Julian Antonio"]
[Result "1/2-1/2"]
[WhiteElo "2167"]
[BlackElo "1599"]
[PlyCount "32"]
[EventDate "2005.07.19"]
[EventType "swiss"]
[EventRounds "11"]
[EventCountry "FRA"]
[Source "lmi"]
[SourceDate "2005.07.31"]

1. d4 Nf6 2. c4 c5 3. d5 g6 4. Nc3 d6 5. g3 Bg7 6. Bg2 O-O 7. Nf3 Na6 8. O-O
Nc7 9. Nd2 Rb8 10. a4 b6 11. e4 a6 12. h3 b5 13. f4 e6 14. e5 Nfe8 15. Nde4 b4
16. exd6 Nxd6 1/2-1/2

[Event "Mundial Juvenil 2005 s14"]
[Site "Belfort FRA"]
[Date "2005.07.23"]
[Round "5.16"]
[White "Simonian, Tigran"]
[Black "Ju, Evan D"]
[Result "0-1"]
[WhiteElo "1599"]
[BlackElo "2149"]
[PlyCount "126"]
[EventDate "2005.07.19"]
[EventType "swiss"]
[EventRounds "11"]
[EventCountry "FRA"]
[Source "lmi"]
[SourceDate "2005.07.31"]

1. d4 Nf6 2. c4 g6 3. Nc3 Bg7 4. e4 d6 5. h3 O-O 6. Bg5 Nbd7 7. Nf3 e5 8. d5 h6
9. Be3 Nc5 10. Bd3 Nh5 11. Bxc5 dxc5 12. g3 Qe7 13. Qe2 Nf6 14. a3 Ne8 15. Nh4
a6 16. Ng2 f5 17. f3 Nd6 18. g4 fxg4 19. fxg4 Bd7 20. b4 Nf7 21. bxc5 Qxc5 22.
Qe3 Qa5 23. Be2 Nd6 24. Kd2 Bf6 25. h4 Bxg4 26. c5 Bxe2 27. cxd6 Bh5 28. d7
Rad8 29. Qh3 Qb6 30. Rhf1 Qd6 31. Qe6+ Kg7 32. Rab1 Qxd7 33. Qxd7+ Rxd7 34.
Rxb7 Bg5+ 35. Ke1 Bd2+ 36. Kxd2 Rxf1 37. Ne3 Rf2+ 38. Kd3 Rf4 39. Nc4 Rf3+ 40.
Kc2 Rf2+ 41. Kb3 Kf8 42. d6 Rxd6 43. Nxd6 cxd6 44. Rd7 g5 45. Rxd6 g4 46. Rd3
Rf3 47. Rxf3+ gxf3 48. Nd1 Ke7 49. Kb4 Bg6 50. Nf2 Kd6 51. a4 a5+ 52. Kb5 Be8+
53. Kxa5 Kc5 54. Ng4 Kd4 55. Kb4 h5 56. Nf2 Ke3 57. Nd1+ Ke2 58. Nc3+ Kd2 59.
Nb1+ Ke1 60. Kc3 f2 61. Nd2 Bxa4 62. Nf3+ Ke2 63. Nh2 Bc6 0-1

[Event "Mundial Juvenil 2005 s14"]
[Site "Belfort FRA"]
[Date "2005.07.23"]
[Round "5.17"]
[White "Delivre, Raphael"]
[Black "Wei, Chenpeng"]
[Result "0-1"]
[WhiteElo "2037"]
[BlackElo "2406"]
[PlyCount "78"]
[EventDate "2005.07.19"]
[EventType "swiss"]
[EventRounds "11"]
[EventCountry "FRA"]
[Source "lmi"]
[SourceDate "2005.07.31"]

1. e4 c5 2. Ne2 d6 3. g3 Nc6 4. Bg2 g6 5. O-O Bg7 6. c3 e5 7. d3 f5 8. Be3 Nf6
9. h3 Be6 10. Nd2 O-O 11. Kh2 Qd7 12. Qc2 b6 13. Rad1 d5 14. f4 Qe7 15. Bg1
Rae8 16. fxe5 Nxe5 17. Nf4 fxe4 18. dxe4 dxe4 19. Nxe6 Qxe6 20. Nxe4 Nxe4 21.
Qxe4 Rxf1 22. Rxf1 Qxa2 23. Qb7 Qxb2 24. Qxa7 h5 25. Be3 Qxc3 26. Bg5 Qb3 27.
Qb7 Kh8 28. Bf6 Bxf6 29. Rxf6 Qb2 30. Rf4 c4 31. Qd5 c3 32. Rf8+ Rxf8 33. Qxe5+
Kg8 34. Qe6+ Kg7 35. Qe5+ Rf6 36. g4 hxg4 37. hxg4 Qd2 38. Qe7+ Rf7 39. Qe5+
Kh7 0-1

[Event "Mundial Juvenil 2005 s14"]
[Site "Belfort FRA"]
[Date "2005.07.23"]
[Round "5.19"]
[White "Ikeda, Junta"]
[Black "Chirila, Ioan Cristian"]
[Result "0-1"]
[WhiteElo "1999"]
[BlackElo "2350"]
[PlyCount "174"]
[EventDate "2005.07.19"]
[EventType "swiss"]
[EventRounds "11"]
[EventCountry "FRA"]
[Source "lmi"]
[SourceDate "2005.07.31"]

1. d4 d5 2. c4 e6 3. Nf3 c6 4. Qc2 dxc4 5. Qxc4 Nf6 6. Bf4 b5 7. Qc2 Bb7 8.
Nbd2 Nbd7 9. Nb3 Qb6 10. Rc1 Be7 11. e3 Rc8 12. Bd3 c5 13. dxc5 Nxc5 14. O-O
Nxd3 15. Qxd3 O-O 16. Ne5 Bd5 17. Rfd1 a6 18. Nd4 h6 19. a3 Rfd8 20. Qe2 Bd6
21. h3 Rc7 22. Bh2 Rdc8 23. Rxc7 Qxc7 24. f4 Ne4 25. Qg4 Qc1 26. Qe2 Qc7 27.
Qg4 Nf6 28. Qe2 Be4 29. Bg3 Nd5 30. Nef3 Nb6 31. Nd2 Bg6 32. Qg4 h5 33. Qe2 e5
34. fxe5 Bxe5 35. Bf2 Bf6 36. N2f3 Re8 37. Qd2 Nc4 38. Qc3 Qe7 39. Re1 Nd6 40.
Qc6 Nc4 41. Qxa6 Nxb2 42. Qxb5 Nd3 43. Re2 Rc8 44. Nf5 Qxa3 45. N5d4 Rc1+ 46.
Kh2 Nxf2 47. Qe8+ Kh7 48. Rxf2 Qd6+ 49. g3 h4 50. Rg2 hxg3+ 51. Rxg3 Rb1 52. h4
Rb8 53. Qc6 Rb2+ 54. Kh3 Bf5+ 55. Rg4 Bxg4+ 56. Kxg4 Rg2+ 57. Kf5 g6+ 58. Ke4
Rg4+ 59. Kd3 Qxc6 60. Nxc6 Kg7 61. e4 Bxh4 62. Kd4 Bf6+ 63. Kd3 Rg2 64. Nb4 Rb2
65. Nd5 Rb3+ 66. Ke2 Bd8 67. Nd4 Rb2+ 68. Kf3 Bf6 69. Nc6 Bg5 70. Kg4 Bh6 71.
Kf3 Ra2 72. Nd4 Ra3+ 73. Ke2 Bg5 74. Nf3 Bf6 75. Kf2 Bb2 76. Ke2 Kh6 77. Ne3
Bg7 78. Kf2 Kh5 79. Ke2 Ra2+ 80. Kd3 Rf2 81. Ng1 Bh6 82. Nc4 g5 83. Ne2 Rf3+
84. Kd4 g4 85. Ne5 Bg7 86. Kd5 Bxe5 87. Kxe5 g3 0-1

[Event "Mundial Juvenil 2005 s14"]
[Site "Belfort FRA"]
[Date "2005.07.23"]
[Round "5.20"]
[White "Madar, Martin"]
[Black "Benidze, David"]
[Result "0-1"]
[WhiteElo "1976"]
[BlackElo "2243"]
[PlyCount "66"]
[EventDate "2005.07.19"]
[EventType "swiss"]
[EventRounds "11"]
[EventCountry "FRA"]
[Source "lmi"]
[SourceDate "2005.07.31"]

1. e4 c5 2. c3 Nf6 3. e5 Nd5 4. d4 cxd4 5. Nf3 Nc6 6. Bc4 Nb6 7. Bb3 e6 8. cxd4
d5 9. Nc3 Be7 10. O-O Bd7 11. a3 Rc8 12. Bc2 a6 13. Ne1 Qc7 14. Qg4 g6 15. Nf3
Nc4 16. b3 Nxa3 17. Bxa3 Bxa3 18. Rxa3 Nb4 19. Ne4 dxe4 20. Bxe4 Bb5 21. Re1
Qe7 22. Raa1 O-O 23. Rac1 Nd3 24. Bxd3 Bxd3 25. Nd2 Rxc1 26. Rxc1 Qa3 27. Qd1
Rd8 28. Nf3 Be2 29. Qd2 Bxf3 30. gxf3 Qxb3 31. Rc7 Qxf3 32. Rc3 Qg4+ 33. Kf1
Rxd4 0-1

[Event "Mundial Juvenil 2005 s14"]
[Site "Belfort FRA"]
[Date "2005.07.24"]
[Round "6.1"]
[White "Boychev, Mariyan"]
[Black "Sandeep, Y."]
[Result "1/2-1/2"]
[WhiteElo "2240"]
[BlackElo "2189"]
[PlyCount "40"]
[EventDate "2005.07.19"]
[EventType "swiss"]
[EventRounds "11"]
[EventCountry "FRA"]
[Source "lmi"]
[SourceDate "2005.07.31"]

1. d4 Nf6 2. c4 g6 3. Nc3 d5 4. cxd5 Nxd5 5. e4 Nxc3 6. bxc3 Bg7 7. Bc4 c5 8.
Ne2 O-O 9. O-O Nc6 10. Be3 Bg4 11. f3 Na5 12. Bd3 cxd4 13. cxd4 Be6 14. Rc1
Bxa2 15. Qa4 Bb3 16. Qb4 b6 17. Rc3 Be6 18. Rfc1 Rc8 19. Ra1 Ra8 20. Bc1 Bc8
1/2-1/2

[Event "Mundial Juvenil 2005 s14"]
[Site "Belfort FRA"]
[Date "2005.07.24"]
[Round "6.2"]
[White "Pap, Gyula"]
[Black "Matlakov, Maxim"]
[Result "0-1"]
[WhiteElo "2384"]
[BlackElo "2399"]
[PlyCount "86"]
[EventDate "2005.07.19"]
[EventType "swiss"]
[EventRounds "11"]
[EventCountry "FRA"]
[Source "lmi"]
[SourceDate "2005.07.31"]

1. d4 d6 2. c4 f5 3. Nf3 Nf6 4. g3 g6 5. Bg2 Bg7 6. Nc3 O-O 7. O-O Qe8 8. d5 c5
9. e4 fxe4 10. Ng5 Na6 11. Ncxe4 Nc7 12. Nxf6+ Rxf6 13. a4 h6 14. Ne4 Rf8 15.
Be3 g5 16. Qd2 Bf5 17. Rfe1 Qf7 18. Nxc5 dxc5 19. Bxc5 Rfe8 20. Re3 Na6 21. Ba3
Rac8 22. Rae1 Bf6 23. d6 e5 24. Rf3 Bd7 25. Rxf6 Qxf6 26. Bxb7 Nb8 27. Bxc8
Rxc8 28. Qd5+ Qf7 29. Qxf7+ Kxf7 30. c5 Nc6 31. f4 gxf4 32. gxf4 a5 33. fxe5
Ke6 34. b3 Nd4 35. Re4 Kd5 36. Re3 Nc2 37. Rd3+ Ke4 38. e6 Kxd3 39. exd7 Rg8+
40. Kf2 Nd4 41. Bb2 Nc6 42. Ke1 Nb8 43. Bc1 Rh8 0-1

[Event "Mundial Juvenil 2005 s14"]
[Site "Belfort FRA"]
[Date "2005.07.24"]
[Round "6.4"]
[White "Tvarijonas, Povilas"]
[Black "Rozum, Ivan"]
[Result "1/2-1/2"]
[WhiteElo "2174"]
[BlackElo "2297"]
[PlyCount "107"]
[EventDate "2005.07.19"]
[EventType "swiss"]
[EventRounds "11"]
[EventCountry "FRA"]
[Source "lmi"]
[SourceDate "2005.07.31"]

1. e4 c5 2. Nf3 e6 3. d4 cxd4 4. Nxd4 Nc6 5. Nc3 Qc7 6. Be2 a6 7. O-O Nf6 8.
Bg5 Be7 9. Kh1 O-O 10. f4 d6 11. Nxc6 bxc6 12. Bd3 e5 13. Qe1 h6 14. fxe5 hxg5
15. exf6 Bxf6 16. Qg3 Qe7 17. Nd1 Be5 18. Qf2 g6 19. c3 Kg7 20. Ne3 Rh8 21. g3
Rh3 22. Rg1 Be6 23. Rg2 d5 24. exd5 cxd5 25. Re1 Qd6 26. Nf1 a5 27. Qe2 f6 28.
Bb1 Rah8 29. Qd3 Bf7 30. a3 Qc7 31. Ba2 Qc6 32. Qf3 Be6 33. Ne3 Qd6 34. Kg1 Rd8
35. Kh1 f5 36. Nf1 Bf7 37. Rge2 Bf6 38. Rd1 g4 39. Qg2 f4 40. gxf4 Qxf4 41. Rf2
Rf3 42. Rxf3 gxf3 43. Qf2 g5 44. Ng3 Kg8 45. Qd2 Qg4 46. Rf1 Be5 47. Rg1 Kh8
48. Bb1 Qf4 49. Qd3 Bg8 50. Qg6 Qh4 51. Qf5 Qf4 52. Qh3+ Qh4 53. Qf5 Qf4 54.
Qh3+ 1/2-1/2

[Event "Mundial Juvenil 2005 s14"]
[Site "Belfort FRA"]
[Date "2005.07.24"]
[Round "6.6"]
[White "Ju, Evan D"]
[Black "Hess, Robert L"]
[Result "1/2-1/2"]
[WhiteElo "2149"]
[BlackElo "2278"]
[PlyCount "21"]
[EventDate "2005.07.19"]
[EventType "swiss"]
[EventRounds "11"]
[EventCountry "FRA"]
[Source "lmi"]
[SourceDate "2005.07.31"]

1. e4 e5 2. Nf3 Nc6 3. Bb5 Nf6 4. O-O Nxe4 5. Re1 Nd6 6. Bxc6 dxc6 7. Nxe5 Be7
8. d4 O-O 9. Bf4 Be6 10. Nd2 Nf5 11. c3 1/2-1/2

[Event "Mundial Juvenil 2005 s14"]
[Site "Belfort FRA"]
[Date "2005.07.24"]
[Round "6.7"]
[White "Zhao, Nan"]
[Black "Pereira, Ruben Miguel Nunes"]
[Result "1/2-1/2"]
[WhiteElo "2276"]
[BlackElo "2239"]
[PlyCount "102"]
[EventDate "2005.07.19"]
[EventType "swiss"]
[EventRounds "11"]
[EventCountry "FRA"]
[Source "lmi"]
[SourceDate "2005.07.31"]

1. e4 c5 2. Nf3 d6 3. d4 cxd4 4. Nxd4 Nf6 5. Nc3 a6 6. Bg5 e6 7. f4 Be7 8. Qf3
Qc7 9. O-O-O Nbd7 10. g4 b5 11. Bxf6 Nxf6 12. g5 Nd7 13. f5 Bxg5+ 14. Kb1 Ne5
15. Qh5 Qe7 16. Nxe6 Bxe6 17. fxe6 g6 18. exf7+ Kxf7 19. Qe2 Kg7 20. Nd5 Qa7
21. h4 Bh6 22. h5 Raf8 23. Bh3 Rf2 24. Qe1 Qc5 25. Qc3 Qxc3 26. Nxc3 Nc4 27.
Rd3 Rhf8 28. hxg6 hxg6 29. Rg1 Kh7 30. a3 Rh2 31. Be6 Rf6 32. Bxc4 bxc4 33.
Rdd1 Rd2 34. Rxd2 Bxd2 35. e5 Re6 36. Ne4 Bf4 37. Nxd6 Rxe5 38. Nxc4 Re4 39.
Nb6 g5 40. Nd5 Kg6 41. Nxf4+ Rxf4 42. Kc1 Kf5 43. Rg2 Rd4 44. Rd2 Rh4 45. Rd1
g4 46. Rd3 Rh1+ 47. Kd2 Kf4 48. Rd8 g3 49. Rf8+ Ke4 50. Re8+ Kf3 51. Rf8+ Ke4
1/2-1/2

[Event "Mundial Juvenil 2005 s14"]
[Site "Belfort FRA"]
[Date "2005.07.24"]
[Round "6.8"]
[White "Roganovic, Milos"]
[Black "Leniart, Arkadiusz"]
[Result "0-1"]
[WhiteElo "2228"]
[BlackElo "2269"]
[PlyCount "78"]
[EventDate "2005.07.19"]
[EventType "swiss"]
[EventRounds "11"]
[EventCountry "FRA"]
[Source "lmi"]
[SourceDate "2005.07.31"]

1. e4 e6 2. d4 d5 3. Nd2 Be7 4. Ngf3 Nf6 5. e5 Ne4 6. Bd3 Nxd2 7. Bxd2 c5 8. c3
Nc6 9. h4 Qb6 10. Ng5 cxd4 11. cxd4 Qxb2 12. Be3 h6 13. Nxf7 Kxf7 14. Qh5+ Kf8
15. O-O Bd7 16. Rab1 Qc3 17. Rb3 Qa5 18. Bg6 Be8 19. Bxe8 Rxe8 20. Rd1 Qd8 21.
Rxb7 Qc8 22. Rb3 Qd7 23. Rc1 Na5 24. Rbb1 Nc4 25. Rc3 Kg8 26. Bc1 Bf8 27. Rf3
Re7 28. Rb8 Rf7 29. Rg3 Rf5 30. Qg4 Qf7 31. Rgb3 Kh7 32. R3b7 Be7 33. Rxh8+
Kxh8 34. f3 Kh7 35. h5 Nxe5 36. Qg3 Rxh5 37. Be3 Ng6 38. Rxe7 Nxe7 39. Qc7 Qf6
0-1

[Event "Mundial Juvenil 2005 s14"]
[Site "Belfort FRA"]
[Date "2005.07.24"]
[Round "6.9"]
[White "Mammadov, Ayaz"]
[Black "Cordova, Emilio"]
[Result "0-1"]
[WhiteElo "2037"]
[BlackElo "2422"]
[PlyCount "59"]
[EventDate "2005.07.19"]
[EventType "swiss"]
[EventRounds "11"]
[EventCountry "FRA"]
[Source "lmi"]
[SourceDate "2005.07.31"]

1. e4 c5 2. Nf3 Nc6 3. d4 cxd4 4. Nxd4 Nf6 5. Nc3 e5 6. Ndb5 d6 7. Bg5 a6 8.
Na3 b5 9. Bxf6 gxf6 10. Nd5 Bg7 11. c3 f5 12. exf5 Bxf5 13. Nc2 O-O 14. Nce3
Be6 15. Bd3 f5 16. Qh5 Ra7 17. O-O e4 18. Bc2 Ne7 19. Rad1 Ng6 20. f4 b4 21. c4
Bxb2 22. Bb3 Kh8 23. Rd2 Bg7 24. Rfd1 Qb8 25. g3 Rd7 26. Qe2 Qa7 27. Kg2 Rb8
28. Bc2 Rg8 29. Kh1 a5 30. Rc1 0-1

[Event "Mundial Juvenil 2005 s14"]
[Site "Belfort FRA"]
[Date "2005.07.24"]
[Round "6.10"]
[White "Wei, Chenpeng"]
[Black "Wagih-Abdessalem, Karim Ahmed"]
[Result "1/2-1/2"]
[WhiteElo "2406"]
[BlackElo "2064"]
[PlyCount "37"]
[EventDate "2005.07.19"]
[EventType "swiss"]
[EventRounds "11"]
[EventCountry "FRA"]
[Source "lmi"]
[SourceDate "2005.07.31"]

1. e4 c5 2. Nf3 Nc6 3. Bb5 g6 4. O-O Bg7 5. c3 e5 6. d4 cxd4 7. cxd4 exd4 8.
Nbd2 Nge7 9. Nc4 d5 10. exd5 Qxd5 11. Bf4 O-O 12. Nd6 Ne5 13. Re1 Nxf3+ 14.
Qxf3 Qxf3 15. gxf3 Nf5 16. Rac1 Be6 17. Nxb7 Bd5 18. Bc6 Bxc6 19. Rxc6 1/2-1/2

[Event "Mundial Juvenil 2005 s14"]
[Site "Belfort FRA"]
[Date "2005.07.24"]
[Round "6.11"]
[White "Chirila, Ioan Cristian"]
[Black "Ly, Moulthun"]
[Result "1-0"]
[WhiteElo "2350"]
[BlackElo "2117"]
[PlyCount "77"]
[EventDate "2005.07.19"]
[EventType "swiss"]
[EventRounds "11"]
[EventCountry "FRA"]
[Source "lmi"]
[SourceDate "2005.07.31"]

1. e4 d5 2. exd5 Nf6 3. d4 Bg4 4. Bb5+ Nbd7 5. f3 Bf5 6. c4 a6 7. Ba4 b5 8.
cxb5 Nxd5 9. Nc3 N5b6 10. Bc2 Bxc2 11. Qxc2 e6 12. Nge2 Bb4 13. bxa6 Rxa6 14.
O-O O-O 15. Ne4 Nd5 16. Qd3 Qa8 17. a3 Rb8 18. Rb1 Bf8 19. b4 Qb7 20. N2c3 Qa7
21. Nxd5 exd5 22. Nc5 Nxc5 23. dxc5 Qb7 24. Bb2 Rg6 25. Rfe1 c6 26. Bd4 Qd7 27.
a4 Qa7 28. Qc2 Qd7 29. Rb2 Rc8 30. b5 cxb5 31. axb5 Qd8 32. b6 Rgc6 33. b7 Rb8
34. Qa4 Qc7 35. Be5 Bxc5+ 36. Kf1 Bd6 37. Bxd6 Qxd6 38. Rc2 Rxc2 39. Re8+ 1-0